Normal view MARC view
  • Egipto

Entry Nombre Geográfico

Number of records used in: 21

001 - NÚMERO DE CONTROL

  • campo de control: 11717

003 - IDENTIFICADOR DE NUMERO DE CONTROL

  • campo de control: MX-MxUPN

005 - FECHA Y HORA DE LA ÜLTIMA TRANSACCIÓN

  • campo de control: 20250526154358.0

008 - DATOS DE LONGITUD FIJA

  • campo de control de longitud fija: 250526nn fnnnnaaba n ana |d

035 ## - NÚMERO DE CONTROL

  • Número de control: UPN10000011724

040 ## - FUENTE DE CATALOGACIÓN

  • Agencia de catalogación original: MX-MxUPN
  • Lenguaje de catalogación: spa

151 ## - ENCABEZAMIENTO - NOMBRE GEOGRÁFICO

  • Nombre geográfico: Egipto
  • Subdivisión general : Antigüedades

670 ## - FUENTE EN LA QUE SE LOCALIZARON DATOS

  • Cita de la fuente: Escamilla González, G. Lista de encabezamientos de materia, 1978 :
  • Información localizada: (Egipto -- Antigüedades)

902 ## - CATALOGADOR

  • Catalogador: MMA/291196
  • Catalogador: VíctorGodínez/260525